| 000 | 01256naa a22003377a 4500 | ||
|---|---|---|---|
| 001 | BR9301790 | ||
| 003 | BR-BrBNA | ||
| 005 | 20240918181031.0 | ||
| 007 | ta | ||
| 008 | 230509b bl.||||| |||| 00| 0 por d | ||
| 040 |
_aBR-BrBNA _bpor _cBiblioteca Nacional de Agricultura |
||
| 041 | _a(Pt) | ||
| 072 |
_aU40; K10 _b3240 |
||
| 090 | _aU40 BR9301790 | ||
| 100 | 1 | _aBarros, Z.X. de | |
| 100 | 1 | _aCampos, S. | |
| 100 | 1 | _aCardoso, L.G. | |
| 111 | 1 |
_a22. Congresso Brasileiro de Engenharia Agricola _cIlheus, BA (Brazil) _d19-23 Jul 1993 |
|
| 245 | 1 | _aA expansao de eucaliptocultura no municipio de Botucatu - SP de 1977 a 1989, analisado em fotografias aereas e imagens de satelite | |
| 260 | 3 |
_aIlheus, BA (Brasil): _c1993. |
|
| 500 | _a22. Congresso Brasileiro de Engenharia Agricola. Anais Ilheus, BA (Brasil): 1993. v. 1 p. 306-311 (BR9301790-AM)U40 | ||
| 650 | _aAerofotogrametria | ||
| 650 | _aSensoriamento Remoto | ||
| 650 | _aEucalipto | ||
| 650 | _aFotointerpretacao | ||
| 650 | _aReconhecimento Florestal | ||
| 650 | _aSao Paulo | ||
| 773 | 0 |
_t22. Congresso Brasileiro de Engenharia Agricola. Anais _wU40 BR9301790 _gIlheus, BA (Brasil), 1993. v. 1 p. 306-311 |
|
| 909 |
_a202404 _bLucia _c55 _dLucia Elande |
||
| 942 |
_cAM _2AGRIS |
||
| 999 |
_c323300 _d323300 |
||